| Tag |
First Indicator |
Second Indicator |
Subfields |
| LEADER |
00000cam a2200000 a 4500 |
| 001 |
in00002776721 |
| 005 |
20211120170145.0 |
| 006 |
m d f |
| 007 |
cr bn||||||||| |
| 008 |
121017s2008 gau o f000 0 eng c |
| 035 |
|
|
|a (OCoLC)ocn813240503
|
| 040 |
|
|
|a GPO
|c GPO
|d GPO
|d MvI
|d UtOrBLW
|
| 042 |
|
|
|a pcc
|
| 043 |
|
|
|a n-us---
|
| 049 |
|
|
|a WWW
|
| 074 |
|
|
|a 0504-R-07 (online)
|
| 086 |
0 |
|
|a HE 20.520:F 76
|
| 245 |
0 |
0 |
|a Formaldehyde.
|
| 264 |
|
1 |
|a Atlanta, GA :
|b Agency for Toxic Substances Disease Registry, Division of Toxicology and Environmental Medicine, Dept. of Health and Human Services, Public Health Service,
|c [2008]
|
| 300 |
|
|
|a 1 online resource (12 unnumbered pages).
|
| 336 |
|
|
|a text
|b txt
|2 rdacontent
|
| 337 |
|
|
|a computer
|b c
|2 rdamedia
|
| 338 |
|
|
|a online resource
|b cr
|2 rdacarrier
|
| 490 |
1 |
|
|a Public health statement
|
| 500 |
|
|
|a Title from title screen (viewed on Oct. 17, 2012).
|
| 500 |
|
|
|a "September 2008."
|
| 500 |
|
|
|a "CAS # 50-00-0."
|
| 500 |
|
|
|a Electronic resource.
|
| 650 |
|
0 |
|a Formaldehyde
|x Health aspects
|z United States.
|
| 650 |
|
0 |
|a Formaldehyde
|x Environmental aspects
|z United States.
|
| 650 |
|
0 |
|a Formaldehyde
|x Toxicology.
|
| 710 |
1 |
|
|a United States.
|b Agency for Toxic Substances and Disease Registry.
|b Division of Toxicology and Environmental Medicine.
|
| 830 |
|
0 |
|a Public health statements.
|
| 856 |
4 |
0 |
|u https://purl.fdlp.gov/GPO/gpo29977
|t 0
|
| 999 |
|
|
|a MARS
|
| 999 |
f |
f |
|s 72b01069-e721-3710-8566-89952de1468b
|i fe4a95dc-5bfc-3b8e-862d-771401dc924e
|t 0
|
| 952 |
f |
f |
|a Texas A&M University
|b College Station
|c Electronic Resources
|d Available Online
|t 0
|e HE 20.520:F 76
|h Superintendent of Documents classification
|
| 998 |
f |
f |
|a HE 20.520:F 76
|t 0
|l Available Online
|